000 00580nmm a2200193Ia 4500
008 251105s9999||||xx |||||||||||||||||und||
020 _a9789871432561
041 _aspa
100 _aSbarato, Darío
245 0 _aIntroducción a políticas e instrumentos ambientales
264 _a[Buenos Aires, Argentina] :
_bEditorial Brujas,
_c2012
300 _a128 páginas
650 _aEnvironmental Sciences
700 _aSbarato, Darío
700 1 _a Rubio, Marcelo
700 1 _a González, Maribel
856 _uhttps://public.digitaliapublishing.com/a/41830
942 _cCF
999 _c71216
_d71216